000 00352nam a2200157Ia 4500
008 210716s2002 xx 000 0 und d
020 _a8176355887
041 _aeng
082 _a005.2764 WALS
100 _aWalther, Stephen.
245 _aASP.NET.
250 _a1
260 _aNew Delhi
_bTechmedia
_c2002
300 _axix,1441
650 _aASP
999 _c185912
_d185912